| 000 | 01183cam a22002893a 4500 | ||
|---|---|---|---|
| 001 | 32488 | ||
| 003 | PGUSA | ||
| 005 | 20140828083713.0 | ||
| 008 | 100523s2010||||xxu|||||s|||||000 1 eng d | ||
| 040 |
_aPGUSA _beng |
||
| 042 | _adc | ||
| 050 | 4 | _aPR | |
| 050 | 4 | _aPZ | |
| 100 | 1 |
_aKipling, Rudyard, _d1865-1936 |
|
| 245 | 1 | 0 |
_aJust So Stories _h[electronic resource] / _cRudyard Kipling |
| 260 |
_bProject Gutenberg, _c2010 |
||
| 505 | 0 | _aHow the Whale got his throat -- How the Camel got his hump -- How the Rhinoceros got his skin -- How the Leopard got his spots -- The Elephant's Child -- The sing-song of Old Man Kangaroo -- The beginning of the Armadillos -- How the first letter was written -- How the alphabet was made -- The Crab that played with the sea -- The Cat that walked by himself -- The Butterfly that stamped. | |
| 506 | _aPublic domain in the USA. | ||
| 516 | _aElectronic text | ||
| 653 | _aShort stories | ||
| 653 | _aAnimals -- Fiction | ||
| 653 | _aChildren's stories, English | ||
| 700 | 1 |
_aGleeson, Joseph M. _q(Joseph Michael), _d1861- |
|
| 830 | 0 |
_aProject Gutenberg _v32488 |
|
| 856 | 4 | 0 | _uhttp://www.gutenberg.org/ebooks/32488 |
| 942 | _cEB | ||
| 999 |
_c261743 _d261743 |
||